000 00403nam a22001457a 4500
999 _c1739
_d1739
008 200131b ||||| |||| 00| 0 eng d
082 0 0 _a623.8
_bS514
100 _9275
_aSeward, Herbert Lee.
245 1 0 _aPrinciples of marine engineering,Vol - I
_cby Herbert Lee Seward ( Ed).
260 _aNew York
_bSNAME
_c1942
300 _ax,353p.
365 _d22.08
650 0 _aMarine Engineering
942 _cBK